000 01044cam a2200301 a 4500
001 3503966
003 Nust
005 20220831094248.0
008 950112s1995 nyub 000 1 eng
010 _a 95002666
020 _a0340924365
_cRs. 476
038 _aArshad
040 _aDLC
_cDLC
_dDLC
_dOCoLC
_dDLC
043 _ae-ur-ru
050 0 0 _aPR6062.E33
_bO97 1995b
082 0 0 _a823
_bCAR
100 1 _aLe Carré, John,
_d1931-
_911818
245 1 0 _aOur game :
_ba novel /
_cby John Le Carré.
250 _a1st trade ed.
260 _aNew York :
_bKnopf :
_bDistributed by Random House,
_c1995.
300 _a414 p. :
_bcol. map ;
_c25 cm.
651 0 _aRussia (Federation)
_xFiction.
_911821
655 7 _aSpy stories.
_2gsafd
_98087
856 4 2 _3Publisher description
_uhttp://www.loc.gov/catdir/description/random049/95002666.html
906 _a7
_bcbc
_corignew
_d1
_eocip
_f19
_gy-gencatlg
942 _2ddc
_cBK
999 _c173316
_d173316